Novels by Jane Austen - Statistics

General Stats
  • This quiz has been taken 101 times
  • The average score is 7 of 9
Answer Stats
Hint Answer % Correct
PAP Pride and Prejudice
100%
E Emma
99%
SAS Sense and Sensibility
94%
P Persuasion
91%
NA Northanger Abbey
89%
MP Mansfield Park
87%
LS Lady Susan
49%
S Sanditon
44%
TW The Watsons
29%
No matching quizzes found
Score Distribution
Percent of People with Each Score
Percentile by Number Answered
Your Score History
You have not taken this quiz